El camino fácil y rápido para hablar eficazmente. / (Record no. 2421)
[ view plain ]
| 000 -CABECERA | |
|---|---|
| campo de control de longitud fija | 00850cam a2200229 a 4500 |
| 001 - NÚMERO DE CONTROL | |
| campo de control | 000002585 |
| 005 - FECHA Y HORA DE LA ÚLTIMA TRANSACCIÓN | |
| campo de control | 20200929150222.0 |
| 008 - DATOS DE LONGITUD FIJA--INFORMACIÓN GENERAL | |
| campo de control de longitud fija | 720427s1972 nyu 000 0 spa |
| 040 ## - FUENTE DE LA CATALOGACIÓN | |
| Centro catalogador/agencia de origen | DO-SdBNP |
| Lengua de catalogación | spa |
| Centro/agencia transcriptor | BNPHU |
| 082 ## - NÚMERO DE LA CLASIFICACIÓN DECIMAL DEWEY | |
| Número de clasificación | 808.5 |
| Número de documento/Ítem | C289c, 1972 |
| 100 1# - ENTRADA PRINCIPAL--NOMBRE DE PERSONA | |
| Nombre de persona | Carnegie, Dale, |
| Fechas asociadas al nombre | 1888-1955. |
| 9 (RLIN) | 8142 |
| 240 14 - TÍTULO UNIFORME | |
| Título uniforme | The quick and easy way to efective speaking. |
| Lenguaje de la obra | Español. |
| 245 14 - MENCIÓN DE TÍTULO | |
| Título | El camino fácil y rápido para hablar eficazmente. / |
| Mención de responsabilidad, etc. | Dale Carnegie, Dorothy Carnegie; traducción de Antero Sanz. |
| 250 ## - MENCIÓN DE EDICIÓN | |
| Mención de edición | 7a ed. |
| 260 ## - PUBLICACIÓN, DISTRIBUCIÓN, ETC. | |
| Lugar de publicación, distribución, etc. | Buenos Aires, : |
| Nombre del editor, distribuidor, etc. | Sudamericana, |
| Fecha de publicación, distribución, etc. | 1972. |
| 300 ## - DESCRIPCIÓN FÍSICA | |
| Extensión | 213 p. ; |
| Dimensiones | 20 cm. |
| 534 ## - NOTA SOBRE LA VERSIÓN ORIGINAL | |
| Encabezamiento principal del original | Título original : |
| Mención de título del original | The quick and easy way to efective speaking |
| 650 #4 - PUNTO DE ACCESO ADICIONAL DE MATERIA--TÉRMINO DE MATERIA | |
| Término de materia o nombre geográfico como elemento de entrada | Hablar en público |
| 9 (RLIN) | 8143 |
| 650 #4 - PUNTO DE ACCESO ADICIONAL DE MATERIA--TÉRMINO DE MATERIA | |
| Término de materia o nombre geográfico como elemento de entrada | Presentaciones de negocios |
| 9 (RLIN) | 8144 |
| 700 1# - PUNTO DE ACCESO ADICIONAL--NOMBRE DE PERSONA | |
| Nombre de persona | Carnegie, Dorothy. |
| 9 (RLIN) | 8145 |
| 700 1# - PUNTO DE ACCESO ADICIONAL--NOMBRE DE PERSONA | |
| Nombre de persona | Antero Sanz, Luis. |
| Término indicativo de función/relación | tr. |
| 9 (RLIN) | 8146 |
| Estado de retiro | Estado de pérdida | Restricciones de uso | No para préstamo | Código de colección | Localización permanente | Ubicación/localización actual | Ubicación en estantería | Fecha de adquisición | Número de inventario | Total de préstamos | Signatura topográfica completa | Código de barras | Fecha visto por última vez | Precio válido a partir de | Tipo de ítem Koha |
|---|---|---|---|---|---|---|---|---|---|---|---|---|---|---|---|
| Excluido de préstamo | Monografías: Libros y Folletos | General | General | Depósito | 08.07.2009 | LF1 | 808.5 C289c, 1972 | 2585-10 | 25.06.2020 | 25.06.2020 | No se presta | ||||
| Monografías: Libros y Folletos | Patrimonio Dominicano | Patrimonio Dominicano | Orden iniciada | 25.05.2017 | LF1 | 808.5 C289c, 1972 | 2585-20 | 25.06.2020 | 25.06.2020 | No se presta |
